Nine polish-slovak and polish-slovak-ukrainian scientific seminar - the main ideas and methods of socio-economic investigations

Gespeichert in:
Bibliographische Detailangaben
1. Verfasser: Pacáková, Viera
Weitere Verfasser: Pociecha, Józef
Format: Buchkapitel
Sprache:Englisch
Tags: Tag hinzufügen
Keine Tags, Fügen Sie das erste Tag hinzu!

MARC

LEADER 00000naa$a2200000$$$4500
001 0063649
005 20240502071733.4
041 0 |a eng 
044 |a SK 
245 1 0 |a Nine polish-slovak and polish-slovak-ukrainian scientific seminar - the main ideas and methods of socio-economic investigations  |c Viera Pacáková, Józef Pociecha 
100 1 |a Pacáková, Viera 
700 1 |a Pociecha, Józef